LEADER 01137nam0 22003253i 450 001 TO01287201 005 20251003044410.0 010 $a0716722399 100 $a20080204d1994 ||||0itac50 ba 101 | $aeng 102 $aus 181 1$6z01$ai $bxxxe 182 1$6z01$an 200 1 $aUnderstanding Earth$fFrank Press, Raymond Siever 210 $aNew York$cW. H. Freeman and Company$dc1994 215 $aXII, 593 p.$cill. color.$d28 cm. 606 $aScienze della terra$2FIR$3RAVC080564$9E 676 $a550$9Scienze della terra$v14 696 $aScienze geologiche 699 $aScienze della Terra$zScienze geologiche 700 1$aPress$b, Frank$3RAVV040024$4070$044213 701 1$aSiever$b, Raymond$3CFIV114221$4070$033085 801 3$aIT$bIT-000000$c20080204 850 $aIT-BN0095 901 $bNAP 01$cSALA $n$ 912 $aTO01287201 950 0$aBiblioteca Centralizzata di Ateneo$c1 v.$d 01SALA 550 PRE.un$e 0104 9000003525 VMA 1 v.$fA $h20080204$i20080204 977 $a 01 996 $aUnderstanding earth$9765622 997 $aUNISANNIO